000 00647nam a22002297a 4500
005 20170124105915.0
010 _aA-996538
020 _c795.00
_a8170997348
035 _aA-996538
037 _bCen Lib/Ret
040 _aDPL
_bEN
082 _a355.02
_bAKB
100 _aAkbar, M.K.
_92074
245 _aKargil cross border terrorism /
_cby M.K. Akbar
260 _aNew Delhi
_bMittal publications
_c1999
270 _bNew Delhi
_aA-110, Mohan garden
300 _a436p.
_c22cm(Hb)
500 _aIncludes index
650 _a Indian territory
_934477
650 _aTerrorism
_92076
942 _2ddc
_cEN
_h355.02
_mAKB
999 _c122752
_d122752